000 00842cam a2200253 a 4500
001 1578951
005 20180130074428.0
008 930609s1993 caua b 001 0 eng c
010 _a 93021474
020 _a1560550740
040 _aDNLM/DLC
_cDLC
_dDLC
041 _aeng
060 0 0 _aWW 100 O618 1993
080 _a617.7 BER
082 0 0 _a617.7 BER
_220
100 _a8
101 _aOFT
245 0 0 _aBasic ophthalmology for medical students and primary care residents /
_cFrank G. Berson, executive editor.
504 _aIncludes bibliographical references and index.
740 0 _aBasic ophthalmology.
906 _a7
_bcbc
_corignew
_d1
_eocip
_f19
_gy-gencatlg
942 _2ddc
_cBK
999 _c41304
_d41304